000
00262nam a2200121Ia 4500
008
190216s9999||||xx |||||||||||||| ||und||
100
_a
Henrik Ibsen
245
2
_a
A Doll`S House
260
_b
Macmillan
_c
1982
300
_a
92
650
_a
English
942
_c
BK
999
_c
13670
_d
13670